Joan edukira
VuFind
Hizkuntza
English
Deutsch
Español
Français
Italiano
日本語
Nederlands
Português
Português (Brasil)
中文(简体)
中文(繁體)
Türkçe
עברית
Gaeilge
Cymraeg
Ελληνικά
Català
Euskara
Русский
Čeština
Suomi
Svenska
polski
Dansk
slovenščina
اللغة العربية
বাংলা
Galego
Tiếng Việt
Hrvatski
हिंदी
Eremu guztiak
Izenburua
Egilea
Gaia
Sailkapena
ISBN/ISSN
Etiketa
Bilatu
Aurreratua
Bilatu
Freshwater Mussel Ecology
Erreferentzia bihurtu
Bidali
Imprimir
Erregistroa esportatu
Nora RefWorks
Nora EndNoteWeb
Nora EndNote
permanent_link
Lanean...
Freshwater Mussel Ecology
Xehetasun bibliografikoak
Egile nagusia:
Strayer, David L
Aleari buruzko argibideak
Deskribapena
Antzeko izenburuak
MARC erregistroa
LEADER
00182 a2200097 4500
020
260
942
|c
BB
|6
_
245
|a
Freshwater Mussel Ecology
100
|a
Strayer, David L
999
|c
57808
|d
57808
Antzeko izenburuak
Haematological studies on the freshwater mussel
nork: Ramanathan, K.
Argitaratua: (1993)
Freshwater mussel propagation for restoration /
nork: Patterson, Matthew A.
Argitaratua: (2018)
Marine mussels : their ecology and physiology
nork: Bayne, B. L.
Argitaratua: (1976)
Marine mussels: Their ecology and physiology
nork: Bayne, B L
Argitaratua: (1976)
Marine Mussels:Their Ecology and Physiology
nork: Bayne, B.L
Argitaratua: (1976)
Lanean...